| 000 | 00577nam a22001697a 4500 | ||
|---|---|---|---|
| 003 | OSt | ||
| 005 | 20260306092641.0 | ||
| 008 | 260306b |||||||| |||| 00| 0 eng d | ||
| 040 | _cMRSPTU | ||
| 041 | _aEnglish | ||
| 100 | _aManish Kumar Singla, Supervisor: Savina Bansal | ||
| 245 | _aAnalysis of Diversity Techniques using Mqam Modulation for the Rayleigh Fading Channel | ||
| 260 |
_bDepartment of ECE, MRSPTU, Bathinda _c2009 |
||
| 650 | _aElectronics & Communication Engineering | ||
| 856 | _uhttp://163.47.215.52:8080/jspui/handle/123456789/1148 | ||
| 942 |
_2ddc _cTH _n0 |
||
| 999 |
_c11078 _d11078 |
||